000 00532nam a2200193Ia 4500
005 20250508163335.0
008 008 250505s9999 xx 000 0 eng d
020 _a0-333-27180-7
037 _aTextual
040 _aFEDL
_beng
_cFEDL
041 _aeng
_2eng
084 _a418, NOR
_qFEDL
100 _aNorrish John
_9775165
245 0 _aLanguage learners and their errors
260 _aLondon, UK
_bThe Macmillan Press Limited
_c1983
300 _a135p.
942 _cTEXL
_h418, NOR
999 _c1382419
_d1382419